Statistics for Brazil National Football Team 2015

Click here to take the quiz!

General Stats

  • This quiz has been taken 48 times
  • The average score is 24 of 44

Answer Stats

Player Post Club Time Played % Correct
NeymarSTFC Barcelona638'
97%
MarceloDFReal Madrid347'
92%
David LuizDFParis SG551'
92%
Thiago SilvaDFParis SG495'
92%
Roberto FirminoSTHoffenheim / Liverpool508'
90%
Diego AlvesGKValencia CF0'
90%
FernandinhoMFManchester City743'
90%
Dani AlvèsDFFC Barcelona720'
90%
Douglas CostaSTShakhtar Donetsk / Bayern637'
90%
WillianMFChelsea1009'
85%
Filipe LuisDFChelsea / Atletico914'
85%
OscarMFChelsea246'
85%
Philippe CoutinhoMFLiverpool400'
82%
HulkSTZenit198'
79%
MirandaDFAtletico / Inter Milan1193'
77%
Luiz GustavoMFVfL Wolfsburg574'
74%
DaniloDFPorto / Real Madrid315'
72%
MarquinhosDFParis SG241'
69%
KakaMFOrlando City38'
67%
CasemiroMFPorto / Real Madrid101'
67%
Lucas MouraMFParis SG39'
62%
FredMFShakhtar Donetsk282'
56%
Felipe AndersonMFLazio7'
51%
FabinhoDFAS Monaco210'
46%
JeffersonGKBotafogo810'
44%
Gabriel PaulistaDFArsenal0'
41%
Luiz AdrianoSTShakhtar Donetsk62'
41%
NetoGKFiorentina0'
38%
RobinhoSTSantos212'
38%
RafinhaMFFC Barcelona36'
36%
AlissonGKInternacional270'
36%
Renato AugustoMFCorinthians116'
33%
EliasMFCorinthians1018'
26%
GilDFCorinthians91'
23%
Lucas LimaMFSantos230'
18%
JemersonDFAtletico Mineiro0'
18%
Diego TardelliSTShandong Luneng184'
15%
CassioGKCorinthians0'
13%
Marcelo GroheGKGrêmio180'
13%
SouzaMFFenerbahçe64'
13%
Ricardo OliveiraSTSantos151'
13%
Douglas SantosDFAtletico Mineiro0'
13%
Éverton RibeiroMFAl-Ahli Dubai28'
10%
GefersonDFInternacional0'
5%

Score Distribution

Percentile by Number Answered

Percent of People with Each Score

Your Score History

You have not taken this quiz